Evolve your brain : (Record no. 27280)

MARC details
000 -LEADER
fixed length control field 01126nam a22003135a 4500
005 - DATE AND TIME OF LATEST TRANSACTION
control field 20090606103427.0
008 - FIXED-LENGTH DATA ELEMENTS--GENERAL INFORMATION
fixed length control field 090105r20092007flu 000 0 eng
010 ## - LCCN (DPL NO)
LC control number ENG-93921
020 ## - INTERNATIONAL STANDARD BOOK NUMBER
International Standard Book Number 9788189975876
Terms of availability 395.00
035 ## - SYSTEM CONTROL NUMBER
System control number EN-77454
037 ## - SOURCE OF ACQUISITION
Source of stock number/acquisition DBAD / PUB
040 ## - CATALOGING SOURCE
Original cataloging agency dpl
Language of cataloging English
082 ## - DEWEY DECIMAL CLASSIFICATION NUMBER
Classification number 152
100 ## - MAIN ENTRY--PERSONAL NAME
Personal name Dispenza, Joe
245 ## - TITLE STATEMENT
Title Evolve your brain :
Remainder of title the science of changing your mind /
Statement of responsibility, etc by Joe Dispenza
260 ## - PUBLICATION, DISTRIBUTION, ETC. (IMPRINT)
Place of publication, distribution, etc New Delhi
Name of publisher, distributor, etc Westland
Date of publication, distribution, etc 2008
270 ## - ADDRESS
Address F-5. Okhla Industrial Area, Phase-I, Mezzanine Floor,
City New Delhi
Postal code 110020
300 ## - PHYSICAL DESCRIPTION
Extent xviii, 510p.
Dimensions 25cm (pbk)
500 ## - GENERAL NOTE
General note Originally published: 2007.
500 ## - GENERAL NOTE
General note Incluses index
650 ## - SUBJECT ADDED ENTRY--TOPICAL TERM
Topical term or geographic name as entry element Brain
General subdivision Evolution
Form subdivision Popular works.
650 ## - SUBJECT ADDED ENTRY--TOPICAL TERM
Topical term or geographic name as entry element Neuropsychology
Form subdivision Popular works.
650 ## - SUBJECT ADDED ENTRY--TOPICAL TERM
Topical term or geographic name as entry element Brain stimulation
Form subdivision Popular works.
650 ## - SUBJECT ADDED ENTRY--TOPICAL TERM
Topical term or geographic name as entry element Neurophysiology
Form subdivision Popular works.
650 ## - SUBJECT ADDED ENTRY--TOPICAL TERM
Topical term or geographic name as entry element Emotions.
650 ## - SUBJECT ADDED ENTRY--TOPICAL TERM
Topical term or geographic name as entry element Mental healing.
942 ## - ADDED ENTRY ELEMENTS (KOHA)
Source of classification or shelving scheme Dewey Decimal Classification
Item type English Books
Classification part 152
Call number suffix DIS
Holdings
Withdrawn status Lost status Source of classification or shelving scheme Damaged status Not for loan Collection code Home library Current library Date acquired Source of acquisition Cost, normal purchase price Total Checkouts Full call number Barcode Date last seen Copy number Cost, replacement price Koha item type
    Dewey Decimal Classification   Not For Loan Non-fiction D.B.Act.Division D.B.Act.Division 06/06/2009 DBAD / PUB 395.00   152 DIS EN-77454 06/06/2009 1 395.00 English Books

© Delhi Public Library
Hit Counter
free hit counter